000 00289nam a22001337a 4500
008 181011b xxu||||| |||| 00| 0 eng d
020 _a1556640323
041 _aeng
080 _26th
_a612.39
100 _a10
101 _aNUT
245 _aDiet Manual
_cPemberton,C.M
942 _2udc
_cBK
999 _c49417
_d49417